Wunderhorse - Rain Lyrics - Statistics

General Stats
  • This quiz has been taken 10 times
  • The average score is 161 of 233
Answer Stats
Answer % Correct
rain
100%
the
100%
you
100%
Do
89%
do
89%
feel
89%
crawl
78%
it
78%
your
78%
name
67%
on
67%
up
67%
out
56%
As
44%
as
44%
calling
44%
day
44%
did
44%
every
44%
in
44%
of
44%
shoulders
44%
some
44%
waking
44%
And
33%
and
33%
be
33%
because
33%
clockwork
33%
face
33%
futures
33%
page
33%
around
22%
coil
22%
fly
22%
inside
22%
might
22%
our
22%
quiet
22%
remains
22%
skews
22%
slowly
22%
snatch
22%
someone
22%
somewhere
22%
still
22%
sunlight
22%
that
22%
thought
22%
turn
22%
vanish
22%
will
22%
again
11%
banish
11%
but
11%
disaster
11%
empty
11%
something
11%
staring
11%
yourself
11%
ain't
0%
frame
0%
hammered
0%
strange
0%
we're
0%
No matching quizzes found
Score Distribution
Percent of People with Each Score
Percentile by Number Answered
Your Score History
You have not taken this quiz